[Event "GER M08-C email"]
[Site "GER email"]
[Date "2019.06.19"]
[Round "?"]
[White "Lakatos, Stefan"]
[Black "Kovac, Stanko"]
[Result "1/2-1/2"]
[WhiteElo "2413"]
[BlackElo "2410"]
[PlyCount "87"]
[EventDate "2019.??.??"]
[EventType "tourn (corr)"]
[EventRounds "10"]
[EventCountry "GER"]
[SourceTitle "Corr 2022"]
[Source "ChessBase"]
[SourceDate "2021.10.24"]
[SourceVersion "1"]
[SourceVersionDate "2021.10.24"]
[SourceQuality "1"]

1. d4 Nf6 2. c4 e6 3. g3 c5 4. d5 exd5 5. cxd5 d6 6. Nc3 g6 7. Bg2 Bg7 8. Nf3 0-0 9. 0-0 Re8 10. Bf4 Bf5 11. Nh4 Bc8 12. Qd2 a6 13. a4 Qe7 14. Rab1 b6 15. b4 Nbd7 16. Nf3 Ng4 17. bxc5 bxc5 18. h3 Nge5 19. Bh6 Bh8 20. Rfe1 Ra7 21. Bg5 f6 22. Bf4 f5 23. Nd1 Nxf3+ 24. Bxf3 c4 25. Rc1 Rc7 26. Bg2 Bf6 27. h4 Be5 28. Be3 Bb7 29. Bf4 Bxf4 30. Qxf4 Qe5 31. Qd2 Nc5 32. Rxc4 Ne4 33. Qc2 Rxc4 34. Qxc4 Qxd5 35. Ne3 Qxc4 36. Nxc4 Re7 37. Rb1 Nc5 38. Bf1 Nxa4 39. Nxd6 Bd5 40. e3 Rd7 41. Nc4 Nc5 42. Rc1 Rc7 43. Nb6 Be4 44. Bg2 1/2-1/2

[Event "GER M08-C email"]
[Site "GER email"]
[Date "2019.06.19"]
[Round "?"]
[White "Winter, Leopold"]
[Black "Lakatos, Stefan"]
[Result "1/2-1/2"]
[WhiteElo "2388"]
[BlackElo "2413"]
[PlyCount "51"]
[EventDate "2019.??.??"]
[EventType "tourn (corr)"]
[EventRounds "10"]
[EventCountry "GER"]
[SourceTitle "Corr 2022"]
[Source "ChessBase"]
[SourceDate "2021.10.24"]
[SourceVersion "1"]
[SourceVersionDate "2021.10.24"]
[SourceQuality "1"]

1. e4 c5 2. Be2 Nc6 3. f4 g6 4. Nf3 Bg7 5. 0-0 d6 6. d3 e6 7. c3 Nge7 8. a4 0-0 9. Na3 b6 10. Be3 Bb7 11. Qd2 d5 12. Bd1 Qd7 13. Qf2 Rad8 14. Bc2 d4 15. Bd2 e5 16. Rad1 exf4 17. Bxf4 Qg4 18. Bd2 h6 19. Bb3 Qh5 20. Qg3 g5 21. h3 Bc8 22. Nb5 Be6 23. Bxe6 fxe6 24. Nc7 Rf6 25. cxd4 Rd7 26. d5 1/2-1/2